000 01367nam a22003497a 4500
001 0020545
003 KOHA_MİRAKIL
005 20260207002258.0
007 ta
008 100810b1998 tu |||gr||||#0|||1|tur |
020 _a9754370265
_c3,5
040 _aTR-BiSEU
_btur
_cTR-BiSEU
_erda
041 0 _atur
044 _ctu
050 _aPL248.S24
_bB57 1998
100 1 _aSafa, Peyami.
245 1 _aBir tereddüdün romanı/
_cPeyami Safa ; Peyami Safa.
264 1 _aİstanbul :
_bÖtüken Neşriyat
_c1998
300 _a211 sayfa ;
_c20 cm.
336 _ametin
_btxt
_2rdacontent
337 _aaracısız
_bn
_2rdamedia
338 _acilt
_bnc
_2rdacarrier
490 1 _aÖtüken Neşriyat ;
_vyayın nu:16.
490 1 _aEdebi eserler ;7.
505 _aEşsiz kıvraklıktaki psikolojik tahlillerle karakterlerini ve okuyucularını insan tabiatının birbirine en zıt hallerinde dolaştıran bir romandır. Kitabın teklifler, tehditler, tehlikeler ve ihtimaller arasında bocalayıp duran romancı kahramanı sanki yazarın kendisidir. Ferdin tereddüt karşısındaki dramını ele almıştır. "Ne ret, ne kabul: tereddüt."
_x
650 0 _aTurkish fiction.
_96661
650 0 _aTürk romanı.
_95504
830 1 _aÖtüken Neşriyat ;
_vyayın nu:16.
_911308
830 1 _aEdebi eserler ;7.
_944674
907 _aRoman
942 _2lcc
_cBK
999 _c20502
_d20502